Lana Del Rey Music Videos #2 - Statistics

General Stats
  • This quiz has been taken 27 times
  • The average score is 8 of 12
Answer Stats
Picture Answer % Correct
Video games
86%
Blue jeans
82%
West coast
82%
Arcadia
64%
Shades of cool
64%
Burning desire
59%
Candy necklace
59%
Music to watch boys to
55%
White dress
55%
Freak
50%
Mariners apartment complex
50%
White mustang
45%
No matching quizzes found
Score Distribution
Percent of People with Each Score
Percentile by Number Answered
Your Score History
You have not taken this quiz